000
00191nam a22000977a 4500
003
SGT
245
_a
Indian Journal of Pediatrics
260
_b
Springer
_c
2019
300
_a
600
942
_2
ddc
_c
BV
999
_c
30228
_d
30228